00764nam a2200205Ia 4500003000900000008004100009020001800050040001600068080001900084100003300103245011600136260003100252300001400283490004300297650004100340650003200381942000700413999001500420952012300435IN-BaIIA211028s9999 xx 000 0 eng d a0-85274-385-8 cIIA Library a523.4-852bHEN aHenderson-Sellers, .A913321 4aThe origin and evolution of planetary atmospherescA. Henderson-Sellers  aBristolbAdam Hilgerc1983 axv, 240p. aMonographs on astronomical subjects; 9 aAstronomy and astrophysics thesaurus aPlanetary atmospheres95728 cBK c7898d7898 00104070aBANbBANcGENd1984-07-05g286.07l0o523.4-852/ HENp8721r2021-11-05v286.07w1984-07-05yBKGRs. 286.07